Thesaurus Biblicus, hoc est, Dicta sententiae, et exempla ex SS. Bibliis collecta et per locos communes distributa, ad usum concionandi, et disputandi / auctore Philippo Paulo Merz, opus omnibus theologicis speculativis, polemicis, moralibus, utriusque iuris studiosis, ac cunctis litteratis, in primis vero animarum pastoribus, Verbique Divini praeconibus utilissimum

Detalles Bibliográficos
Autor principal: Merz, Philipp Paul, m. 1754
Otros Autores: Foresti, ed, Bettinelli, Saverio, 1718-1808, ed
Formato: Libro
Lenguaje:Latin
Publicado: Venetiis : sumptibus Foresti et Bettinelli, 1818.
Edición:Editio quinta italica, germanicis longe castigatior, & ornatior; quod clarius constat ex admonitione ad lectorem. Nunc demum quamplurimis mendis expurgata, & ad trutinam Sacrorum Bibliorum per singulorum textuum accuratissimam collationem revocata
Materias:
Colección:Banco de datos
Acervo:Catálogo bibliográfico de los libros antiguos del Seminario Conciliar San José de la Diócesis de Cuernavaca. Morelos
Descripción Física:XX, 560 p. ; 4°
Tema general:Biblia
Notas:Portada tipográfica con plecas en grabado xilográfico. Texto a renglón seguido con paginación en números arábigos, cornisas, titulillos y signaturas. Encuadernación en piel sobre cartón. Daños por humedad y polilla
LEADER 01667nam a22002290004500
035 |a 161 
041 0 |a lat 
100 1 |a Merz, Philipp Paul, m. 1754 
245 1 0 |a Thesaurus Biblicus, hoc est, Dicta sententiae, et exempla ex SS. Bibliis collecta et per locos communes distributa, ad usum concionandi, et disputandi / auctore Philippo Paulo Merz, opus omnibus theologicis speculativis, polemicis, moralibus, utriusque iuris studiosis, ac cunctis litteratis, in primis vero animarum pastoribus, Verbique Divini praeconibus utilissimum 
250 |a Editio quinta italica, germanicis longe castigatior, & ornatior; quod clarius constat ex admonitione ad lectorem. Nunc demum quamplurimis mendis expurgata, & ad trutinam Sacrorum Bibliorum per singulorum textuum accuratissimam collationem revocata 
260 |a Venetiis : sumptibus Foresti et Bettinelli, 1818. 
300 |a XX, 560 p. ; 4° 
500 |a Portada tipográfica con plecas en grabado xilográfico. Texto a renglón seguido con paginación en números arábigos, cornisas, titulillos y signaturas. Encuadernación en piel sobre cartón. Daños por humedad y polilla 
504 |a Al principio de la obra están el prefacio del autor y el índice de contenido 
650 1 0 |a Biblia 
700 1 |a Foresti, ed. 
700 1 |a Bettinelli, Saverio, 1718-1808, ed. 
740 0 |a Dicta sententiae, et exempla ex SS. Bibliis collecta et per locos communes distributa, ad usum concionandi, et disputandi 
949 |a Fondo antiguo, 208 
942 |c CUERNAVACA 
943 |g Catálogo bibliográfico de los libros antiguos del Seminario Conciliar San José de la Diócesis de Cuernavaca. Morelos 
999 |c 1079882  |d 1079882